Road trip USA : Cross-country adventures on America's two-lane highways
This travel guide describes the cities and towns, attractions, and historic sites found along the two-lane highways of the United States.
Đã lưu trong:
| Tác giả chính: | |
|---|---|
| Định dạng: | Sách |
| Ngôn ngữ: | Undetermined |
| Được phát hành: |
Berkeley
Perseus Books Group
2015
|
| Những chủ đề: | |
| Các nhãn: |
Thêm thẻ
Không có thẻ, Là người đầu tiên thẻ bản ghi này!
|
| Thư viện lưu trữ: | Trung tâm Học liệu Trường Đại học Cần Thơ |
|---|
| LEADER | 00737nam a2200217Ia 4500 | ||
|---|---|---|---|
| 001 | CTU_226097 | ||
| 008 | 210402s9999 xx 000 0 und d | ||
| 082 | |a 917.304 | ||
| 082 | |b J54 | ||
| 100 | |a Jensen, Jamie | ||
| 245 | 0 | |a Road trip USA : | |
| 245 | 0 | |b Cross-country adventures on America's two-lane highways | |
| 245 | 0 | |c Jaime Jensen | |
| 260 | |a Berkeley | ||
| 260 | |b Perseus Books Group | ||
| 260 | |c 2015 | ||
| 520 | |a This travel guide describes the cities and towns, attractions, and historic sites found along the two-lane highways of the United States. | ||
| 650 | |a Automobile travel,Du lịch ô tô | ||
| 650 | |z United States | ||
| 910 | |b nthai | ||
| 980 | |a Trung tâm Học liệu Trường Đại học Cần Thơ | ||